[Event "Challenge"]
[Site "http://www.queenalice.com/game.php?id=389007"]
[Date "2008.4.17"]
[Round "-"]
[White "SaL"]
[Black "lala"]
[Result "1-0"]
[WhiteElo "1196"]
[BlackElo "1100"]

1. e4 Nf6 2. Bc4 Nxe4 3. Nf3 Nd6 4. Nh4 Nxc4 5. O-O g5 6. Nf5 d5 7. Re1 h5 8.
Qf3 e6 9. Ng3 h4 10. Ne2 f6 11. a4 Rg8 12. Qh5+ 1-0

[Event "mais uma vez"]
[Site "http://www.queenalice.com/game.php?id=393439"]
[Date "2008.4.25"]
[Round "-"]
[White "SaL"]
[Black "sdbrasil"]
[Result "0-1"]
[WhiteElo "1207"]
[BlackElo "1162"]

1. e4 e5 2. Nf3 Bd6 3. Bc4 Qe7 4. O-O Nf6 5. Nh4 Nxe4 6. Nf5 Qf6 7. Ne3 O-O 8.
Nd5 Qf5 9. Qe1 c6 10. Ndc3 Ng5 11. Qe2 b5 12. Bb3 Na6 13. a4 b4 14. Nd1 Nc5 15.
Ba2 Nxa4 16. Ne3 Qf4 17. Nc4 Bc5 18. Qh5 Ne4 19. b3 Bxf2+ 20. Kh1 d5 21. Na5 Bg4
22. Qxg4 Qxg4 23. bxa4 Qe2 24. h4 Qxf1+ 25. Kh2 Bg3+ 26. Kh3 Qf3 27. h5 Qf4 28.
Bb2 Qh4# 0-1

[Event "Challenge"]
[Site "http://www.queenalice.com/game.php?id=396190"]
[Date "2008.5.1"]
[Round "-"]
[White "SaL"]
[Black "josealexandreschultz"]
[Result "0-1"]
[WhiteElo "1246"]
[BlackElo "1433"]

1. e4 e5 2. Nc3 Nf6 3. Qf3 h6 4. d3 Bb4 5. Qg3 O-O 6. h4 Nh5 7. Qxe5 Nf6 8. Qg3
Kh7 9. Qf3 d6 10. h5 Bg4 11. Qf4 Bxc3+ 12. bxc3 Bxh5 13. Qd2 Qd7 14. Rb1 b6 15.
f3 Nc6 16. g4 Nxe4 17. dxe4 g5 18. gxh5 f6 19. e5 fxe5 20. Qe3 Qf5 21. Rb2 Rae8
22. Bh3 Qf7 23. Qe4+ Kg8 24. Qxc6 a5 25. Qe4 Qxh5 26. Rh2 Rf6 27. c4 Rc8 28. Rf2
a4 29. Qc6 Rcf8 30. Qxc7 Qh4 31. Qxb6 e4 32. Be3 exf3 33. Qb4 g4 34. Bxg4 h5 35.
Bd7 R8f7 36. Bxa4 Re6 37. c3 Rxe3+ 38. Ne2 fxe2 39. Qb8+ Kg7 40. Qxd6 Qh1+ 41.
Kd2 e1=Q+ 42. Kc2 Qd1+ 43. Qxd1 Rxf2+ 44. Kc1 Rxc3+ 45. Kb1 Qe4+ 46. Bc2 Qxc4
47. Bb3 Qe4+ 48. Bc2 Rfxc2 49. Rxc2 Qxc2+ 50. Qxc2 Rxc2 51. a4 Rc8 52. a5 h4 53.
a6 h3 54. a7 h2 55. a8=Q Rxa8 56. Kc2 h1=Q 57. Kd3 Qh4 58. Ke3 Ra3+ 59. Kd2 Qh2+
60. Kc1 Ra1# 0-1

[Event "Challenge"]
[Site "http://www.queenalice.com/game.php?id=396192"]
[Date "2008.5.1"]
[Round "-"]
[White "SaL"]
[Black "leokhine"]
[Result "0-1"]
[WhiteElo "1233"]
[BlackElo "1668"]

1. e4 e5 2. Bc4 Nf6 3. Nf3 Nc6 4. O-O h6 5. Qe2 Bc5 6. Ne1 d5 7. exd5 Nxd5 8. a4
Nf6 9. Ba2 Ng4 10. Qf3 O-O 11. Nd3 Bb6 12. Nc3 Nd4 13. Qe4 c6 14. Nxe5 Nxe5 15.
Qxe5 Nxc2 16. Rb1 Re8 17. Qf4 Be6 18. Qe4 Bxa2 19. Qxc2 Bxb1 20. Qxb1 Qf6 21.
Qd3 Re1 22. Qg3 Rae8 23. h4 Rxf1+ 24. Kxf1 Qe6 25. Ne2 Qxe2+ 26. Kg1 Qe1+ 27.
Kh2 Bxf2 28. Qf3 Re4 0-1

[Event "Challenge"]
[Site "http://www.queenalice.com/game.php?id=399608"]
[Date "2008.5.8"]
[Round "-"]
[White "ORNELAS"]
[Black "SaL"]
[Result "1-0"]
[WhiteElo "1550"]
[BlackElo "1187"]

1. d4 d5 2. Nf3 Qd6 3. c3 Bf5 4. Nbd2 Na6 5. a3 O-O-O 6. Ng5 e5 7. Nxf7 Qe7 8.
Nxh8 Qe6 9. dxe5 Qxe5 10. Nf3 Qd6 11. Nf7 Qd7 12. N3e5 Qe7 13. Qd4 Rd6 14. Qxa7
c5 15. Nxd6+ Qxd6 16. Qa8+ Kc7 17. Bf4 Nf6 18. g3 h6 19. Nf7 Ne8 20. Bxd6+ Bxd6
21. Nxd6 Kxd6 22. Qxe8 Kc7 23. Qf7+ Bd7 24. Bg2 Kd6 25. Qxd5+ Kc7 26. Qe5+ Kb6
27. Qd6+ Bc6 28. Bxc6 bxc6 29. a4 c4 30. a5+ Ka7 31. Qd7+ Kb8 32. Rd1 Nc5 33.
Qd8+ Ka7 34. Qb6+ Ka8 35. Rd8# 1-0

[Event "Challenge"]
[Site "http://www.queenalice.com/game.php?id=402273"]
[Date "2008.5.13"]
[Round "-"]
[White "jcmobregon"]
[Black "SaL"]
[Result "1-0"]
[WhiteElo "2184"]
[BlackElo "1189"]

1. c4 e5 2. g3 Nc6 3. Bg2 Nf6 4. d3 Bd6 5. Nf3 Bb4+ 6. Bd2 O-O 7. Bxb4 Nxb4 8.
Nxe5 Qe7 9. Nf3 Qe6 10. O-O a5 11. Nc3 Ne8 12. a3 Nc6 13. Nd5 Nb8 14. b4 axb4
15. Nxb4 c5 16. Nd5 Ra6 17. e3 Ra5 18. Qd2 b6 19. Qc3 Ra4 20. Rfb1 Ra7 21. Rxb6
Qf5 22. Ne7+ Kh8 23. Nxf5 d6 24. Nxd6 Bd7 25. Rxb8 Bc6 26. Nxe8 Bxe8 27. Qe5 f6
28. Qxe8 Kg8 29. Qxf8# 1-0

[Event "Challenge"]
[Site "http://www.queenalice.com/game.php?id=402274"]
[Date "2008.5.13"]
[Round "-"]
[White "SaL"]
[Black "jcmobregon"]
[Result "0-1"]
[WhiteElo "1185"]
[BlackElo "2185"]

1. Nc3 Nf6 2. Na4 d5 3. Nc5 e5 4. Nd3 e4 5. Ne5 Bd6 6. d4 O-O 7. Bg5 h6 8. Bh4
g5 9. Bg3 Kg7 10. Qd2 Nh5 11. O-O-O f6 12. Ng4 Bxg4 13. Qc3 Nxg3 14. hxg3 c6 15.
Kb1 a5 16. Qb3 b5 17. Qe3 Na6 18. f3 Bf5 19. g4 Bg6 20. Qc3 Qb6 21. fxe4 dxe4
22. Qe3 Bf4 23. Qf2 Rad8 24. e3 Bd6 25. g3 Nb4 26. Qh2 Rh8 27. Ne2 Nd5 28. Qf2
Qc7 29. Bg2 Qd7 30. Rhf1 Qxg4 31. Rde1 Qe6 32. Rh1 Nb4 33. Nc1 a4 34. Ne2 Qxa2+
35. Kc1 Qa1+ 36. Kd2 Qxb2 37. Rc1 Nd3 38. Qf1 Bb4+ 39. Kd1 a3 40. cxd3 Qd2# 0-1

[Event "again?"]
[Site "http://www.queenalice.com/game.php?id=414548"]
[Date "2008.6.7"]
[Round "-"]
[White "SaL"]
[Black "lala"]
[Result "0-1"]
[WhiteElo "1241"]
[BlackElo "1143"]

1. e4 e5 2. Nc3 Nc6 3. Nh3 g5 4. Bc4 Qf6 5. O-O b6 6. Nb5 Qd8 7. d4 g4 8. Ng5
Nxd4 9. Re1 Nf6 10. Nxf7 Qe7 11. Nxh8 Qg7 12. Nf7 Ke7 13. Nxe5 Bb7 14. Qxd4 d6
15. Nxc7 Rc8 16. Nb5 Ke8 17. Qd3 Qe7 18. Qe3 Qxe5 19. f4 Qxe4 20. Qf2 g3 21.
hxg3 Rxc4 22. c3 Ng4 23. Qf1 d5 24. Rxe4+ dxe4 25. Nxa7 Rc6 26. b3 Bc5+ 27. Kh1
Rh6# 0-1

[Event "Challenge"]
[Site "http://www.queenalice.com/game.php?id=417466"]
[Date "2008.6.14"]
[Round "-"]
[White "Drica"]
[Black "SaL"]
[Result "1-0"]
[WhiteElo "1599"]
[BlackElo "1206"]

1. e4 d5 2. Nc3 d4 3. Nb5 Nf6 4. Qf3 Qd7 5. Nh3 Qc6 6. Ng5 Bd7 7. Nxd4 Qd6 8.
Bc4 Nc6 9. Nxc6 Bxc6 10. Nxf7 Kd7 11. Nxd6 exd6 12. Qf5+ Ke8 13. Qe6+ Kd8 14. d3
Bd7 15. Qf7 Be7 16. Qxg7 Re8 17. Bg5 Ng4 18. Bf7 Kc8 19. Bxe8 c5 20. Qxe7 Bxe8
21. Qd8# 1-0

[Event "Challenge"]
[Site "http://www.queenalice.com/game.php?id=481535"]
[Date "2008.10.23"]
[Round "-"]
[White "SaL"]
[Black "Saru"]
[Result "0-1"]
[WhiteElo "1221"]
[BlackElo "1046"]

1. c4 d6 2. Nc3 Nf6 3. Qa4+ Bd7 4. Qb4 Nc6 5. Qa4 Nd4 6. Qb4 Nc2+ 7. Kd1 Nxb4 8.
Nf3 Ng4 9. Ne4 f5 10. Rg1 Ba4+ 11. Ke1 d5 0-1

[Event "Challenge"]
[Site "http://www.queenalice.com/game.php?id=688011"]
[Date "2009.11.24"]
[Round "-"]
[White "SaL"]
[Black "FENIX_RJ"]
[Result "0-1"]
[WhiteElo "1190"]
[BlackElo "1413"]

1. c4 e5 2. Nc3 Nf6 3. c5 Bxc5 4. Qa4 c6 5. Qc4 Qe7 6. d3 d5 7. Qh4 d4 8. Na4 g5
9. Qh6 Bb4+ 10. Bd2 Ng4 11. Qg7 b5 12. Qxh8+ Qf8 13. Qxh7 bxa4 14. Qh5 c5 15. a3
Bxd2+ 16. Kxd2 Nxf2 17. Qxg5 Nxh1 18. Qxe5+ Be6 19. Qc7 Na6 20. Qb7 Nc7 21. Qxc7
Qh6+ 22. Kc2 Rc8 23. Qa5 Bb3+ 24. Kb1 Qe3 25. Qb5+ Kd8 26. g4 Qxg1 27. Kc1 Qxf1+
28. Kd2 Qxa1 29. h4 Qxb2+ 30. Ke1 Qc1# 0-1